000 00308nam a22001457a 4500
008 210602b ||||| |||| 00| 0 eng d
020 _a068800640X
041 _aeng
080 _a316
082 _a316
100 _a50
101 _aSOC
245 _aThe sex Contract
_cHelen E. Fisher
942 _2udc
_cBK
999 _c57906
_d57906